000 nam a22 a 4500
999 _c486333
_d486333
003 BLK
005 20221212155507.0
008 221013b bul|||||r ||||||| ||bul||
040 _aBLK
041 _aRUS
_cRUS
080 _aРуска литература
_b821.161.1
_x-31
_z821.161.1-31
100 1 _aТургенев, Иван Сергеевич
_eпърви автор
_9365685
139 _aТургенев, Иван Сергеевич
_bТ 92
245 1 0 _aНакануне
_bРоман [За извънкл. четене за учениците от VIII - X кл.]
_cИ. С. Тургенев ; състав. Ана Н. Григорова ; худож. Иван Кирков.
250 _a2. [адапт.] изд.
257 _aRUS
260 _aСофия
_bНар. просв.
_c1981
_9216179
300 _a160 с.
_bс ил.
_c21 см
380 _aX
700 _91478
_aГригорова, Ана Николова
_eсъстав.
700 _9263615
_aКирков, Иван Николов
_eхудож.
852 _aЦб 109489
_bЦб
856 _i0.00
_ldisable
942 _cKNG
_n0
_s1
944 _aCR
_c2022-12-12
_kКети